00373nam a2200157Ia 4500008004100000020001500041041001200056082001600068100001700084245003000101250000800131260003100139300000800170650001500178700002200193221030s9999 xx 000 0 und d a8177225197 aEnglish a105.23bFis aC. D. Fisher 0aHuman Resource Management a5th bBiztantraaNew Delhic2006 a918 aManagement aL. F. Schoenfeldt